Modelos de SEAT - ¡Muerte súbita! - Estadísticas

Estadísticas generales
  • Esta prueba ha sido intentada 575 veces
  • La puntuación promedio es 13 de 28
Answers on the Grid
Answers color-coded by a green-red scale on the quiz's grid according to % correct below.
Alhambra
Altea
Arona
Arosa
Ateca
Córdoba
Córdoba II
Exeo
Ibiza
Ibiza II
Ibiza III
Ibiza IV
Inca
León III
León
León II
Ronda
Ritmo
Mii
Marbella
Málaga
Tarraco
1400
Toledo
Toledo II
Panda
Fura
Toledo IV
500
Madrid
Oviedo
Duero
Movil
206
207
208
Talento
Brava
Idea
Punto Evo
Stilo
Sevilla
Junior
Stelvio
Porto
Chiapas
Puebla
Nayarit
Segovia
Soria
 
Estadísticas de respuestas
Respuesta % Correcto
Ibiza
82%
León
71%
Toledo
66%
Córdoba
64%
Ibiza II
62%
Ibiza III
59%
Ateca
58%
León II
57%
Panda
55%
Toledo II
55%
Altea
54%
Arona
54%
Ibiza IV
51%
León III
51%
Córdoba II
50%
Alhambra
45%
Marbella
44%
Toledo IV
44%
Tarraco
43%
Arosa
39%
Exeo
32%
Inca
26%
Málaga
26%
Ronda
20%
Mii
18%
1400
13%
Ritmo
12%
Fura
11%
No se encontraron pruebas coincidentes
Distribución de puntuación
Porcentaje de gente con cada puntuación
Porcentaje por número respondido
Historial de tus puntuaciones
No has intentado esta prueba.